<?xml version="1.0" encoding="UTF-8"?>
<marc:record xmlns:marc="http://www.loc.gov/MARC21/slim">
   <marc:leader>00000nam a2200000 a 4500</marc:leader>
   <marc:datafield ind1="1" ind2=" " tag="100">
      <marc:subfield code="a">Deges, Pia</marc:subfield>
      <marc:subfield code="4">aut</marc:subfield>
      <marc:subfield code="e">Verfasser/-in</marc:subfield>
   </marc:datafield>
   <marc:datafield ind1=" " ind2=" " tag="653">
      <marc:subfield code="a">Kindersachbuch</marc:subfield>
   </marc:datafield>
   <marc:datafield ind1=" " ind2=" " tag="653">
      <marc:subfield code="a">Basteln mit Kindern</marc:subfield>
   </marc:datafield>
   <marc:datafield ind1="0" ind2="0" tag="245">
      <marc:subfield code="a">Das Pferde-Bastelbuch</marc:subfield>
   </marc:datafield>
   <marc:datafield ind1="0" ind2="0" tag="245">
      <marc:subfield code="b">tierische Kreativideen rund um Pferde</marc:subfield>
   </marc:datafield>
   <marc:datafield ind1="0" ind2="0" tag="245">
      <marc:subfield code="c">Pia Deges</marc:subfield>
   </marc:datafield>
   <marc:datafield ind1=" " ind2="1" tag="264">
      <marc:subfield code="a">Stuttgart</marc:subfield>
      <marc:subfield code="b">frechverlag GmbH</marc:subfield>
      <marc:subfield code="c">2018</marc:subfield>
   </marc:datafield>
   <marc:datafield ind1="1" ind2=" " tag="490">
      <marc:subfield code="a">Topp</marc:subfield>
   </marc:datafield>
   <marc:datafield ind1=" " ind2=" " tag="250">
      <marc:subfield code="a">1. Auflage</marc:subfield>
   </marc:datafield>
   <marc:datafield ind1="1" ind2=" " tag="520">
      <marc:subfield code="a">Angaben aus der Verlagsmeldung##Das Pferde-Bastelbuch : Tierische Kreativideen rund um Pferde und Ponys / von Pia Deges##Das große Bastelbuch rund um Pferde und Ponys! Viele schöne und kinderleichte Ideen zum Basteln, aber auch Spielen und Backen für alle Pferdebegeisterten. Ob beim nächsten Kindergeburtstag oder draußen im Garten: Das Lieblingstier aller Mädchen spielt hier die Hauptrolle. Pferdige Einladungen und Geschenkideen, Dekorationen für das Kinderzimmer und Schmuck für Pferd und Reiter lassen sich mit wenig Aufwand ganz leicht selber basteln. Am besten dazu schmecken selbst gebackene Leckerlis für das frechste Pony und größte Pferd - auch an Rezepte für die kleinen Reiter ist gedacht. Pia Deges gibt tolle und einfache Bastelanregungen für kleine Pferdefans und lässt mit Ideen aus einem bunten Materialmix aus u.a. Bügelperlen, Stoff, Modeliermasse, Pappe und Papier Kinderherzen höher schlagen. Ein Buch, das Kinder ab 5 Jahren in die fabelhafte Welt der Pferde entführt.</marc:subfield>
   </marc:datafield>
   <marc:datafield ind1=" " ind2=" " tag="020">
      <marc:subfield code="a">9783772479540</marc:subfield>
      <marc:subfield code="9">9783772479540</marc:subfield>
   </marc:datafield>
   <marc:datafield ind1=" " ind2=" " tag="041">
      <marc:subfield code="a">ger</marc:subfield>
   </marc:datafield>
   <marc:datafield ind1=" " ind2=" " tag="300">
      <marc:subfield code="a">63 Seiten</marc:subfield>
   </marc:datafield>
</marc:record>
